[Event "GCT 2026 - Superbet Chess Classic"]
[Site "Bucarest"]
[Date "14.05.2026"]
[Round "1"]
[White "Van Foreest, Jorden"]
[Black "Caruana, Fabiano"]
[Result "1/2-1/2"]
[WhiteElo "2735"]
[BlackElo "2788"]
[EventDate "2026.05.14"]

1. d4 Nf6 2. c4 e6 3. Nc3 Bb4 4. e3 c5 5. Nge2 d6 6. dxc5 Bxc5 7. Nf4 O-O
8. Be2 Nc6 9. O-O Qe7 10. b3 Ne5 11. Bb2 Bd7 12. Qd2 Rfd8 13. Rfd1 a6 14.
Nd3 Nxd3 15. Bxd3 Bc6 16. Qc2 Rac8 17. a3 h6 18. b4 Ba7 19. Qe2 d5 20. cxd5
Nxd5 21. Ne4 f5 22. Nc5 Bxc5 23. bxc5 Qxc5 24. Bd4 Qe7 25. Qb2 Qg5 26. Bf1
Rd7 27. Be5 Rcd8 28. Rd4 Ne7 29. h4 Qg6 30. Rad1 Rxd4 31. Rxd4 Rxd4 32.
Qxd4 Bd5 33. Qb4 Nc6 34. Qxb7 Nxe5 35. Qb8+ Kh7 36. Qxe5 Qg4 37. Qd4 Qxd4
38. exd4 a5 39. f4 g5 40. hxg5 hxg5 41. g3 Kg6 42. Kf2 g4 43. Ke3 Kf6 44.
Kd2 Ke7 45. Kc3 Kd6 46. Bd3 Kc6 47. Bf1 Kd6 48. Bd3 Kc6 49. Bf1 Kd6 1/2-1/2

[Event "GCT 2026 - Superbet Chess Classic"]
[Site "Bucarest"]
[Date "15.05.2026"]
[Round "2"]
[White "Caruana, Fabiano"]
[Black "Giri, Anish"]
[Result "1/2-1/2"]
[WhiteElo "2788"]
[BlackElo "2767"]
[EventDate "2026.05.14"]

1. e4 e5 2. Nf3 Nc6 3. Bb5 a6 4. Ba4 Nf6 5. O-O Be7 6. Re1 b5 7. Bb3 O-O 8.
d3 d6 9. a3 Na5 10. Ba2 c5 11. Nc3 Be6 12. Bg5 c4 13. b4 cxb3 14. cxb3 b4
15. axb4 Nc6 16. d4 Bg4 17. dxe5 dxe5 18. Bxf6 Bxf6 19. Qxd8 Rfxd8 20. Nd5
Rab8 21. Bb1 Nxb4 22. Nxb4 Rxb4 23. Rxa6 Bxf3 24. gxf3 Rxb3 25. Kg2 Rb2 26.
Ra2 Rb7 27. Rc2 Bg5 28. Ba2 g6 29. Bd5 Ra7 30. Rb1 Kg7 31. Rcb2 Rdd7 32.
Rb7 Rdxb7 33. Rxb7 Rxb7 34. Bxb7 Bf4 35. Ba8 Bg5 36. Bb7 Bf4 37. Ba8 Bg5
38. Bb7 1/2-1/2

[Event "GCT 2026 - Superbet Chess Classic"]
[Site "Bucarest"]
[Date "15.05.2026"]
[Round "2"]
[White "Sindarov, Javokhir"]
[Black "Praggnanandhaa, Rameshbabu"]
[Result "0-1"]
[WhiteElo "2776"]
[BlackElo "2733"]
[EventDate "2026.05.14"]

1. e4 e5 2. Nf3 Nc6 3. Bc4 Bc5 4. c3 Nf6 5. d4 exd4 6. cxd4 Bb4+ 7. Nbd2
Nxe4 8. d5 Nxd2 9. Bxd2 Bxd2+ 10. Qxd2 Ne7 11. O-O-O d6 12. h4 O-O 13. h5
h6 14. Rdg1 Bg4 15. Nh4 Qd7 16. Bd3 Rfe8 17. Bc2 Qb5 18. f3 Bxh5 19. g4 Bg6
20. Nf5 Qc5 21. Kb1 Nxd5 22. Nxh6+ gxh6 23. Bxg6 fxg6 24. Rc1 Qb5 25. Qxh6
Qd3+ 26. Ka1 Qd4 27. Qh7+ Kf8 28. Qxg6 Re2 29. Qf5+ Ke8 30. Qg6+ Kf8 31.
Qf5+ Ke8 32. Qg6+ Kd8 33. Qg8+ Re8 34. Qg5+ Ne7 35. Rce1 Qd3 36. Re3 Qg6
37. Qb5 Rb8 38. Rhe1 a6 39. Qa4 b5 40. Qa5 Qf7 41. Rc1 Nd5 42. Rd3 Rb6 0-1

[Event "GCT 2026 - Superbet Chess Classic"]
[Site "Bucarest"]
[Date "15.05.2026"]
[Round "2"]
[White "Keymer, Vincent"]
[Black "Deac, Bogdan-Daniel"]
[Result "1-0"]
[WhiteElo "2759"]
[BlackElo "2650"]
[EventDate "2026.05.14"]

1. Nf3 d5 2. b3 Bf5 3. Bb2 e6 4. g3 h6 5. d3 Nf6 6. Nbd2 Bc5 7. Bg2 O-O 8.
O-O Bh7 9. Re1 Nc6 10. a3 a5 11. d4 Be7 12. c4 Nb8 13. Nb1 Nbd7 14. Nfd2 c6
15. Nc3 Re8 16. e4 dxe4 17. Ncxe4 Qb6 18. Re3 Rad8 19. Qe2 Nxe4 20. Bxe4
Bxe4 21. Nxe4 Nf6 22. Nd2 Qc7 23. Nf3 Ng4 24. Rd3 Nf6 25. Re1 Bd6 26. Qd2
Be7 27. h3 b5 28. Rc1 Qb7 29. Qe2 Ra8 30. Re3 bxc4 31. bxc4 Rab8 32. Rc2 a4
33. Ne5 Bd6 34. Nd3 Be7 35. Qf3 Nd7 36. h4 Qa8 37. Nf4 Bf8 38. g4 Bd6 39.
Nh5 Bf8 40. c5 g6 41. Ng3 Rb3 42. h5 gxh5 43. Rxb3 axb3 44. Rc3 h4 45. Nh5
Be7 46. d5 exd5 47. Qf5 Qc8 48. Rf3 Rf8 49. Re3 Qd8 50. Re6 1-0

[Event "GCT 2026 - Superbet Chess Classic"]
[Site "Bucarest"]
[Date "15.05.2026"]
[Round "2"]
[White "Van Foreest, Jorden"]
[Black "So, Wesley"]
[Result "1/2-1/2"]
[WhiteElo "2735"]
[BlackElo "2754"]
[EventDate "2026.05.14"]

1. e4 e5 2. Nf3 Nc6 3. Bb5 Nf6 4. O-O Nxe4 5. Re1 Nd6 6. Nxe5 Be7 7. Bd3
Nxe5 8. Rxe5 O-O 9. Nc3 c6 10. Re1 Ne8 11. Qe2 Bf6 12. Ne4 Bd4 13. c3 Bb6
14. Bc2 d5 15. Ng3 Nf6 16. d4 Re8 17. Be3 Ng4 18. Qd3 Qh4 19. h3 Nxe3 20.
Rxe3 Bd7 21. Nf5 Rxe3 22. Qxe3 Qf6 23. Re1 Bc7 24. g4 Kf8 25. g5 Qe6 26.
Kg2 Re8 27. Qxe6 Rxe6 28. Rxe6 Bxe6 29. h4 Bf4 30. Ne3 h6 31. gxh6 Bxh6 32.
Kg3 g6 33. f4 Ke7 34. Kf3 Bd7 35. Bd3 a5 36. a4 b6 37. Ng4 Bg7 38. Ne3 Bf6
39. Kg3 Kd6 40. f5 c5 41. fxg6 fxg6 42. Bxg6 cxd4 43. Nf5+ Bxf5 44. Bxf5
dxc3 45. bxc3 Bxc3 46. Bd3 Ke5 47. Kf3 Bd2 48. Bb5 Kd4 49. Ke2 Bh6 50. h5
Kc3 51. Ba6 d4 52. Bb5 Bg5 53. Ba6 Bh6 54. Bb5 Bg5 55. Ba6 Bh6 1/2-1/2

[Event "GCT 2026 - Superbet Chess Classic"]
[Site "Bucarest"]
[Date "15.05.2026"]
[Round "2"]
[White "Firouzja, Alireza"]
[Black "Vachier Lagrave, Maxime"]
[Result "0-1"]
[WhiteElo "2759"]
[BlackElo "2717"]
[EventDate "2026.05.14"]

1. e4 c5 2. Nf3 d6 3. d4 cxd4 4. Nxd4 Nf6 5. Nc3 a6 6. f3 e5 7. Nb3 Be6 8.
Be3 h5 9. Nd5 Bxd5 10. exd5 Nbd7 11. Qd2 g6 12. O-O-O Bg7 13. Kb1 b5 14.
Na5 Nb6 15. Nc6 Qc7 16. Bxb6 Qxb6 17. c4 bxc4 18. Bxc4 a5 19. a4 O-O 20.
Rhe1 Rfe8 21. Qe3 Qb7 22. Bb5 e4 23. f4 Ng4 24. Qa3 Nf2 25. Rd2 Nd3 26.
Bxd3 exd3 27. Rxe8+ Rxe8 28. Qxd3 Qb6 29. Ka2 Qg1 30. Nxa5 Ra8 31. Qb5 Qxh2
32. Qb4 h4 33. f5 gxf5 34. Nb3 Bh6 35. Rd4 Bg5 36. Qb7 Rd8 37. a5 Qxg2 38.
a6 h3 39. a7 h2 40. a8=Q Rxa8+ 41. Qxa8+ Kg7 42. Rd1 h1=Q 43. Rxh1 Qxh1 44.
Qc6 Bf4 45. Nd4 Qe4 46. Nb5 Qb4 47. Na3 Be5 48. Qc2 Qd4 49. Qg2+ Kf8 50.
Kb3 Qb6+ 51. Ka4 Bxb2 52. Nb5 Be5 53. Qc2 f4 54. Qf5 Qc5 55. Qg5 Qc2+ 56.
Ka5 f3 57. Qd8+ Kg7 58. Nxd6 Bxd6 59. Qxd6 Qc3+ 0-1

[Event "GCT 2026 - Superbet Chess Classic"]
[Site "Bucarest"]
[Date "16.05.2026"]
[Round "3"]
[White "Vachier Lagrave, Maxime"]
[Black "Sindarov, Javokhir"]
[Result "1/2-1/2"]
[WhiteElo "2717"]
[BlackElo "2776"]
[EventDate "2026.05.14"]

1. e4 e5 2. Nf3 Nc6 3. Bc4 Nf6 4. d3 h6 5. a4 Bc5 6. a5 a6 7. O-O O-O 8.
Be3 Bxe3 9. fxe3 d6 10. Nc3 Be6 11. Nd2 Nb4 12. Na2 Nc6 13. Nc3 Nb4 14. Na2
Nc6 15. Nc3 Nb4 1/2-1/2

[Event "GCT 2026 - Superbet Chess Classic"]
[Site "Bucarest"]
[Date "16.05.2026"]
[Round "3"]
[White "Giri, Anish"]
[Black "Firouzja, Alireza"]
[Result "1-0"]
[WhiteElo "2767"]
[BlackElo "2759"]
[EventDate "2026.05.14"]

1. d4 Nf6 2. c4 g6 3. Nc3 Bg7 4. e4 d6 5. Be2 O-O 6. Nf3 e5 7. O-O h6 8.
Qc2 exd4 9. Nxd4 Nc6 10. Be3 Nd5 11. cxd5 Nxd4 12. Qd2 Nxe2+ 13. Nxe2 Re8
14. Nc3 h5 15. Bd4 Bf8 16. Qf4 c5 17. dxc6 bxc6 18. Bf6 Qa5 19. Rfd1 Re6
20. Ne2 Bh6 21. Qf3 Bd7 22. Bc3 Qd8 23. Nf4 Rf6 24. Bxf6 Qxf6 25. Nd3 Qxf3
26. gxf3 Bh3 27. f4 c5 28. b3 a5 29. e5 dxe5 30. fxe5 Bg4 31. Nxc5 Bxd1 32.
Rxd1 Rc8 33. Nb7 Rc2 34. Rd8+ Kg7 35. a4 h4 36. Rd3 Bd2 37. Nd6 Bb4 38. Kg2
Kf8 39. Nc4 Ke7 40. Ne3 Rb2 41. Ng4 Ke6 42. Rf3 Bc5 43. h3 Be7 44. Rc3 Bb4
45. Rf3 Be7 46. Nh6 f5 47. exf6 Bxf6 48. Rd3 Bg5 49. Ng4 Bf4 50. Kf3 Bd6
51. Ke4 g5 52. Kd4 Rb1 53. Kc4 Rh1 54. Re3+ Kf5 55. Nh6+ Kf4 56. Re6 Be5
57. Ng4 Bb2 58. Re3 Rxh3 59. Rxh3 Kxg4 60. Rh1 Ba3 61. Rg1+ Kf4 62. Kd3 g4
63. Ke2 h3 64. Kf1 Bc5 65. Rg3 h2 66. Kg2 Bxf2 67. Rc3 g3 68. b4 Be1 69.
Rc4+ Ke3 70. b5 h1=Q+ 71. Kxh1 Kf3 72. Rc2 1-0

[Event "GCT 2026 - Superbet Chess Classic"]
[Site "Bucarest"]
[Date "16.05.2026"]
[Round "3"]
[White "So, Wesley"]
[Black "Caruana, Fabiano"]
[Result "1/2-1/2"]
[WhiteElo "2754"]
[BlackElo "2788"]
[EventDate "2026.05.14"]

1. e4 c5 2. Nf3 e6 3. d4 cxd4 4. Nxd4 Nf6 5. Nc3 Nc6 6. Ndb5 d6 7. Bf4 e5
8. Bg5 a6 9. Na3 b5 10. Nd5 Be7 11. Bxf6 Bxf6 12. c3 O-O 13. Nc2 Be6 14. a4
Ne7 15. Nxf6+ gxf6 16. Bd3 d5 17. axb5 axb5 18. Rxa8 Qxa8 19. exd5 Qxd5 20.
O-O e4 21. Be2 Qxd1 22. Rxd1 Bb3 23. Rd7 Bxc2 24. Rxe7 Ra8 25. h4 Ra1+ 26.
Kh2 Ra2 27. Bxb5 Rxb2 28. Bc6 Bd3 29. Bd5 Rxf2 30. Kg3 Rc2 31. Rxf7 Bc4 32.
Bxc4 Rxc3+ 33. Kf4 Rxc4 34. Rxf6 e3+ 35. Kxe3 Rxh4 36. Rf4 Rh2 37. Kf3 Rh1
38. Rg4+ Kh8 39. Rf4 Kg8 40. Rg4+ Kh8 41. Rf4 Kg8 1/2-1/2

[Event "GCT 2026 - Superbet Chess Classic"]
[Site "Bucarest"]
[Date "16.05.2026"]
[Round "3"]
[White "Praggnanandhaa, Rameshbabu"]
[Black "Keymer, Vincent"]
[Result "1/2-1/2"]
[WhiteElo "2733"]
[BlackElo "2759"]
[EventDate "2026.05.14"]

1. d4 Nf6 2. c4 e6 3. Nc3 Bb4 4. Qc2 O-O 5. a3 Bxc3+ 6. Qxc3 b6 7. e3 Bb7
8. b3 d5 9. Nf3 c5 10. dxc5 Ne4 11. Qc2 Nd7 12. cxb6 dxc4 13. bxc4 Ndc5 14.
Be2 Qf6 15. Bb2 Qg6 16. g3 Nd6 17. Rc1 axb6 18. O-O Qxc2 19. Rxc2 Be4 20.
Rc3 Na4 21. Rb3 Nxb2 22. Rxb2 Nxc4 23. Rb4 b5 24. Nd4 Bd5 25. Nxb5 Nxa3 26.
Nc7 Rab8 27. Nxd5 exd5 28. Rxb8 Rxb8 29. Bf3 d4 30. exd4 Rd8 31. Rc1 Nb5
32. d5 Nd4 33. Kg2 g6 34. Be4 Re8 35. Bd3 Rd8 36. Rc5 Kf8 37. Bc4 Nf5 38.
Kf3 Nd6 39. Bd3 Ra8 40. Kf4 Ke7 41. Ke5 f6+ 42. Kd4 Kd7 43. Bc2 Ra6 44. h4
Ra3 45. g4 h6 46. h5 gxh5 47. gxh5 Rh3 48. Ba4+ Kd8 49. Rc6 Rh4+ 50. Kc5
Nb7+ 51. Kb5 Rf4 52. Kb6 Rxa4 53. Kxb7 Ra5 54. Rxf6 Rxd5 55. Rxh6 Rf5 56.
Rh7 Rxf2 57. h6 Ke8 58. Rc7 Rb2+ 59. Kc8 Rh2 60. h7 Kf8 61. Kb7 Rh1 62.
h8=Q+ Rxh8 63. Rc8+ Kg7 64. Rxh8 Kxh8 1/2-1/2

[Event "GCT 2026 - Superbet Chess Classic"]
[Site "Bucarest"]
[Date "16.05.2026"]
[Round "3"]
[White "Deac, Bogdan-Daniel"]
[Black "Van Foreest, Jorden"]
[Result "0-1"]
[WhiteElo "2650"]
[BlackElo "2735"]
[EventDate "2026.05.14"]

1. c4 e5 2. g3 g6 3. d4 exd4 4. Qxd4 Nf6 5. Bg2 Nc6 6. Qe3+ Qe7 7. Nc3 Nb4
8. Qd2 Bg7 9. Nf3 O-O 10. O-O c6 11. e4 d6 12. Rd1 Nd7 13. a3 Na6 14. Qc2
Ne5 15. Nxe5 dxe5 16. b4 Nc7 17. c5 Bg4 18. f3 Be6 19. Be3 f5 20. Rab1 f4
21. Bf2 fxg3 22. hxg3 Bf7 23. b5 Ne6 24. bxc6 bxc6 25. Ne2 Rad8 26. Qa4 Qc7
27. Qa6 Ng5 28. f4 Ne6 29. f5 Ng5 30. g4 gxf5 31. gxf5 Kh8 32. Ng3 Rg8 33.
Qe2 Rd4 34. Be3 Bf6 35. Kf2 Bc4 36. Qh5 Qg7 37. Qh2 Nxe4+ 38. Bxe4 Rxe4 39.
Rb7 Qxb7 40. Nxe4 Qb2+ 41. Rd2 Qb1 42. Ng3 e4 43. Rd7 Qb2+ 44. Rd2 Qa1 45.
Rd7 Qb2+ 46. Rd2 Qxa3 47. Nxe4 Qa1 48. Qh3 Bd5 49. Nxf6 Qg1+ 50. Ke2 Rg2+
51. Kd3 Qb1+ 52. Kd4 Qa1+ 53. Kd3 Qa3+ 54. Kc2 Qb3+ 55. Kc1 Qc3+ 56. Kb1
Ba2+ 0-1

[Event "GCT 2026 - Superbet Chess Classic"]
[Site "Bucarest"]
[Date "17.05.2026"]
[Round "4"]
[White "So, Wesley"]
[Black "Deac, Bogdan-Daniel"]
[Result "1/2-1/2"]
[WhiteElo "2754"]
[BlackElo "2650"]
[EventDate "2026.05.14"]

1. d4 Nf6 2. c4 e6 3. Nf3 d5 4. cxd5 exd5 5. Nc3 c6 6. Qc2 Nbd7 7. Bf4 Nh5
8. Bd2 Nhf6 9. Bg5 Be7 10. h3 Nb6 11. e3 Nh5 12. Bxe7 Qxe7 13. O-O-O g6 14.
Bd3 Be6 15. Kb1 Ng7 16. Rhe1 O-O-O 17. Na4 Kb8 18. Nc5 Bf5 19. a4 Nd7 20.
e4 dxe4 21. Bxe4 Nxc5 22. Bxf5 Nce6 23. Be4 Qc7 24. Qb3 f5 25. Bxc6 Qxc6
26. d5 Qb6 27. Qxb6 axb6 28. dxe6 Rxd1+ 29. Rxd1 Nxe6 30. Ne5 Nf4 31. Rd7
Nxg2 32. Nf7 Rc8 33. Nd6 Rc6 34. b4 Nf4 35. b5 Rc7 36. Rd8+ Ka7 37. h4 Rc5
38. Rd7 Nd5 39. Kb2 Rc7 40. Rd8 Ne7 41. f4 h6 42. Kb3 Rc5 43. Rd7 Nd5 44.
Rxb7+ Ka8 45. Rd7 Rc3+ 46. Kb2 Rf3 47. Nf7 Nc3 48. Rd4 Ne2 49. Rd6 Nc3 50.
Rd4 Ne2 51. Rd6 Nc3 52. Rxg6 Nxa4+ 53. Kc2 h5 54. Rg5 Rf2+ 55. Kd3 Rxf4 56.
Rxh5 Nc5+ 57. Ke3 Re4+ 58. Kf3 Ne6 59. Rh8+ Ka7 60. h5 Rf4+ 61. Ke3 Re4+
62. Kf3 Rf4+ 63. Ke3 Re4+ 64. Kd3 Rh4 65. h6 Rh3+ 66. Kc4 f4 67. Re8 Nc5
68. Re5 f3 69. Rf5 Ne4 70. Kd5 Nf2 71. Kc6 Nd3 72. Kc7 f2 73. Nd8 Nb4 74.
Rxf2 Rxh6 75. Rd2 Rh7+ 76. Kc8 Rh5 77. Rd7+ Ka8 78. Ne6 Rh8+ 79. Nd8 Rh5
80. Nc6 Nxc6 81. bxc6 b5 82. c7 Ka7 83. Rd8 Rh7 84. Re8 Kb6 85. Re6+ Kc5
86. Kd8 Rxc7 87. Kxc7 b4 88. Kb7 b3 89. Ka6 Kb4 90. Re2 Kc3 91. Re3+ Kc2
92. Rxb3 Kxb3 1/2-1/2

[Event "GCT 2026 - Superbet Chess Classic"]
[Site "Bucarest"]
[Date "17.05.2026"]
[Round "4"]
[White "Van Foreest, Jorden"]
[Black "Praggnanandhaa, Rameshbabu"]
[Result "1/2-1/2"]
[WhiteElo "2735"]
[BlackElo "2733"]
[EventDate "2026.05.14"]

1. Nf3 d5 2. e3 Nf6 3. c4 e6 4. b3 c5 5. cxd5 exd5 6. Bb5+ Nc6 7. Bxc6+
bxc6 8. Qc2 Bd6 9. Ba3 Qe7 10. d4 Qe4 11. Qxe4+ Nxe4 12. O-O cxd4 13. Bxd6
Nxd6 14. exd4 f6 15. Rc1 Bd7 16. Nc3 Kf7 17. Ne1 Nf5 18. Rd1 Rhe8 19. Nc2
h5 20. Re1 g5 21. f3 Rxe1+ 22. Rxe1 Rg8 23. Kf2 g4 24. Ne2 h4 25. fxg4 Rxg4
26. Rd1 Nd6 27. Nc3 f5 28. h3 Rg8 29. Ne2 Ne4+ 30. Kg1 Re8 31. Ne1 Ng5 32.
Kf2 Ne4+ 33. Kg1 Ng5 34. Kf2 Ne4+ 35. Kg1 1/2-1/2

[Event "GCT 2026 - Superbet Chess Classic"]
[Site "Bucarest"]
[Date "17.05.2026"]
[Round "4"]
[White "Keymer, Vincent"]
[Black "Vachier Lagrave, Maxime"]
[Result "1-0"]
[WhiteElo "2759"]
[BlackElo "2717"]
[EventDate "2026.05.14"]

1. e4 c5 2. Nf3 d6 3. d4 cxd4 4. Nxd4 Nf6 5. Nc3 a6 6. f3 e5 7. Nb3 Be6 8.
Be3 Be7 9. Qd2 h5 10. Be2 Nbd7 11. Nd5 Bxd5 12. exd5 Qc7 13. c4 a5 14. Rd1
h4 15. O-O O-O 16. Rfe1 Nh5 17. Nc1 f5 18. b3 b6 19. Bd3 Qd8 20. Ne2 Qe8
21. Bc2 Qg6 22. Kh1 Rac8 23. Ng1 Nc5 24. Nh3 Bf6 25. Rf1 Rfe8 26. Rde1 Qh7
27. a3 a4 28. b4 Nb3 29. Qe2 Bd8 30. Qd3 e4 31. fxe4 Rxe4 32. Bg1 Rcxc4 33.
Rxe4 Rxe4 34. Qb5 Qg6 35. Bxe4 fxe4 36. Be3 Bf6 37. Qxa4 Nd4 38. Rxf6 1-0

[Event "GCT 2026 - Superbet Chess Classic"]
[Site "Bucarest"]
[Date "17.05.2026"]
[Round "4"]
[White "Sindarov, Javokhir"]
[Black "Giri, Anish"]
[Result "1/2-1/2"]
[WhiteElo "2776"]
[BlackElo "2767"]
[EventDate "2026.05.14"]

1. d4 Nf6 2. c4 e6 3. Nf3 d5 4. Nc3 Bb4 5. Bg5 h6 6. Bxf6 Qxf6 7. e3 O-O 8.
Rc1 dxc4 9. Bxc4 c5 10. O-O cxd4 11. Ne4 Qe7 12. a3 Ba5 13. exd4 Rd8 14. b4
Bb6 15. Rc3 Bd7 16. Re1 Bc6 17. Ng3 Qd6 18. Nh5 Nd7 19. Rd3 Rac8 20. d5
Bxd5 21. Bxd5 exd5 22. Rxd5 Qc6 23. Qa1 Nf6 24. Nxf6+ Qxf6 25. Qxf6 gxf6
26. Rxd8+ Rxd8 27. Kf1 Kf8 28. a4 a5 29. Rb1 Rd7 30. g4 f5 31. gxf5 Kg7 32.
bxa5 Bxa5 33. Ne5 Rc7 34. Rb5 b6 35. Rd5 Kf6 36. Ng4+ Kg5 37. h3 h5 38. Ne3
Bc3 39. Rb5 Bd4 40. h4+ Kh6 41. Ke2 Ra7 42. Rb4 Bc5 43. Re4 Ra5 44. Rc4 Kg7
45. Nd5 Bxf2 46. Nf4 Bxh4 47. Nxh5+ Kh6 48. Rxh4 Kg5 49. Rh1 Rxa4 50. Ng3
Kg4 51. Kf2 Ra2+ 52. Ne2 Kxf5 53. Rb1 Kg5 54. Rxb6 f5 55. Rb8 f4 56. Rc8 f3
57. Kxf3 Ra3+ 58. Ke4 Ra4+ 59. Nd4 Kf6 60. Rc7 Ra1 61. Rc6+ Kf7 62. Nf3 Ke7
63. Rh6 Rb1 64. Nd2 Ra1 65. Nc4 Re1+ 66. Ne3 Kd7 67. Rh5 Ke6 68. Re5+ Kd7
69. Kd5 Re2 70. Re4 Rd2+ 71. Kc4 Re2 72. Kd3 Re1 73. Re5 Kc6 74. Re7 Kc5
75. Re6 Rh1 76. Re5+ Kc6 77. Nc2 Kd6 78. Re4 Rd1+ 79. Kc4 Rc1 80. Re2 Rh1
81. Rd2+ Ke5 82. Kc5 Rh8 83. Re2+ Kf4 84. Nb4 Kf3 85. Re7 Ra8 86. Nc6 Kf4
87. Kd5 Ra4 88. Re8 Ra1 89. Re4+ Kg3 90. Ne5 Ra5+ 91. Ke6 Ra8 92. Kf5 Rf8+
93. Kg5 Rg8+ 94. Ng6 Kf2 95. Re6 Ra8 96. Kg4 Rg8 97. Kf4 Ra8 98. Re4 Rg8
99. Nh4 Rf8+ 100. Nf5 Rh8 101. Rd4 Re8 102. Rd6 Ra8 103. Rd2+ Ke1 104. Rc2
Rf8 105. Ke3 Re8+ 106. Kd3 Rd8+ 107. Nd4 Kf1 1/2-1/2

[Event "GCT 2026 - Superbet Chess Classic"]
[Site "Bucarest"]
[Date "19.05.2026"]
[Round "4"]
[White "Caruana, Fabiano"]
[Black "Firouzja, Alireza"]
[Result "1-0"]
[WhiteTitle "GM"]
[BlackTitle "GM"]
[WhiteElo "2788"]
[BlackElo "2759"]
[WhiteFideId "2020009"]
[BlackFideId "12573981"]
[EventDate "2026.05.14"]

1. Nf3 d5 2. c4 c6 3. d4 Nf6 4. e3 Bf5 5. Nc3 e6 6. Nh4 Bg6 7. Nxg6 hxg6 8. Bd2
Be7 9. Qb3 Qc8 10. O-O-O dxc4 11. Bxc4 b5 12. Be2 a5 13. Kb1 Na6 14. Rc1 a4 15.
Qd1 a3 16. b3 Qd7 17. f4 Rb8 18. g4 c5 19. g5 Nh5 20. Be1 c4 21. Ka1 O-O 22. Ne4
cxb3 23. axb3 Rfc8 24. Bc3 Rc7 25. Qd3 Qd5 26. Bd2 Rbc8 27. Bf3 Qd7 28. Rxc7
Rxc7 29. Rc1 Rxc1+ 30. Bxc1 Nb4 31. Qd2 Qa7 32. Nc3 Qa6 33. Be2 Qa8 34. Bxb5 Qh1
35. Bc4 Kh7 36. Nb1 Nc6 37. Bb5 Nd8 38. Ka2 Qb7 39. Qe2 f6 40. Bd3 f5 41. Bxa3
Qa7 42. Qc2 e5 43. fxe5 Bxg5 44. Qc8 Nf7 45. e6 Nh6 46. Qd7 Qb8 47. e7 Nf6 48.
Qd6 Qa8 49. Qg3 Nhg4 50. h3 Nh5 51. Qg1 Bxe3 52. Qe1 Nf4 53. hxg4 Qg2+ 54. Nd2 1-0

[Event "GCT 2026 - Superbet Chess Classic"]
[Site "Bucarest"]
[Date "18.05.2026"]
[Round "5"]
[White "Vachier Lagrave, Maxime"]
[Black "Van Foreest, Jorden"]
[Result "1/2-1/2"]
[WhiteElo "2717"]
[BlackElo "2735"]
[EventDate "2026.05.14"]

1. Nf3 c5 2. c4 g6 3. g3 Bg7 4. Bg2 Nc6 5. Nc3 e6 6. d4 cxd4 7. Nb5 d5 8.
cxd5 exd5 9. O-O Nf6 10. Nbxd4 O-O 11. Be3 Re8 12. Nxc6 bxc6 13. Bd4 Ba6
14. Re1 Rc8 15. Rc1 Qd6 16. Qc2 Bh6 17. e3 Ne4 18. Nd2 Ng5 19. Qc5 Qxc5 20.
Bxc5 Ne6 21. Ba3 Bb5 22. Bf1 Bxf1 23. Kxf1 c5 24. Red1 Red8 25. Rc2 d4 26.
Nc4 dxe3 27. Rxd8+ Rxd8 28. Nxe3 Rd3 29. Bxc5 Nxc5 30. Rxc5 Bxe3 31. fxe3
Rd2 32. h4 Rxb2 33. Ra5 Kg7 34. Rxa7 Kf6 35. Ra4 Kg7 36. Ra6 f5 37. Ra4 Kh6
38. e4 fxe4 39. Rxe4 Rxa2 40. Re2 Rxe2 41. Kxe2 g5 42. hxg5+ Kxg5 43. Kf2
h5 44. Kf3 h4 45. gxh4+ Kxh4 1/2-1/2

[Event "GCT 2026 - Superbet Chess Classic"]
[Site "Bucarest"]
[Date "18.05.2026"]
[Round "5"]
[White "Deac, Bogdan-Daniel"]
[Black "Caruana, Fabiano"]
[Result "1/2-1/2"]
[WhiteElo "2650"]
[BlackElo "2788"]
[EventDate "2026.05.14"]

1. d4 Nf6 2. c4 e6 3. Nc3 Bb4 4. e3 b6 5. Bd3 Bb7 6. Nf3 Ne4 7. O-O f5 8.
Ne2 Bd6 9. a3 a5 10. Nd2 Nf6 11. f3 c5 12. d5 O-O 13. e4 f4 14. Nb1 Nh5 15.
Bd2 Be5 16. Bc3 Bxc3 17. Nbxc3 e5 18. Nb5 d6 19. Qe1 Na6 20. Qf2 Bc8 21.
Rfc1 Qe7 22. Kf1 Nc7 23. Nxc7 Qxc7 24. b4 axb4 25. axb4 Rxa1 26. Rxa1 cxb4
27. Qe1 Nf6 28. Qxb4 Nd7 29. Bc2 Bb7 30. Nc3 Nc5 31. Na4 Nd7 32. Nc3 Nc5
33. Na4 Nd7 34. Nc3 1/2-1/2

[Event "GCT 2026 - Superbet Chess Classic"]
[Site "Bucarest"]
[Date "18.05.2026"]
[Round "5"]
[White "Praggnanandhaa, Rameshbabu"]
[Black "So, Wesley"]
[Result "1/2-1/2"]
[WhiteElo "2733"]
[BlackElo "2754"]
[EventDate "2026.05.14"]

1. e4 e5 2. Nf3 Nc6 3. Bb5 Nf6 4. d3 Bc5 5. O-O Nd4 6. Nxd4 Bxd4 7. c3 Bb6
8. Ba4 c6 9. Na3 d6 10. h3 h6 11. Kh1 g5 12. Nc4 Bc7 13. Ne3 Rg8 14. b4 a6
15. Nd5 Bb8 16. Nxf6+ Qxf6 17. f3 Ba7 18. Bb3 Be6 19. Bxe6 Qxe6 20. a4 Bb6
21. Qe2 Kf8 22. Bb2 Kg7 23. d4 exd4 24. cxd4 d5 25. e5 f6 26. f4 gxf4 27.
Rxf4 Raf8 28. Raf1 fxe5 29. dxe5 Rxf4 30. Rxf4 Bd8 31. Bd4 Bg5 32. Rf3 b5
33. axb5 axb5 34. Qf2 Be7 35. Rf7+ Kh8 36. Qf4 Rg5 37. g4 Kg8 38. Rf5 Rg6
39. Bf2 Rg7 40. Kg2 Rg6 41. Kh2 Bg5 42. Qf3 Be7 43. Qf4 Bg5 44. Qf3 Be7 45.
Qf4 Bg5 1/2-1/2

[Event "GCT 2026 - Superbet Chess Classic"]
[Site "Bucarest"]
[Date "18.05.2026"]
[Round "5"]
[White "Giri, Anish"]
[Black "Keymer, Vincent"]
[Result "1/2-1/2"]
[WhiteElo "2767"]
[BlackElo "2759"]
[EventDate "2026.05.14"]

1. e4 e5 2. Nf3 Nc6 3. Bb5 Nf6 4. O-O Nxe4 5. d4 Nd6 6. Bxc6 dxc6 7. dxe5
Nf5 8. Qxd8+ Kxd8 9. Nc3 Be7 10. Bf4 Be6 11. Rfd1+ Kc8 12. Bg5 Bb4 13. g4
Ne7 14. Bxe7 Bxe7 15. h3 Re8 16. Kg2 b5 17. Nd4 Bd7 18. f4 Bf8 19. Re1 Rb8
20. Kg3 Rb6 21. Nf3 f6 22. a3 c5 23. Nd5 Rbe6 24. Kf2 fxe5 25. Nxe5 c4 26.
Nxd7 Kxd7 27. Rxe6 Rxe6 28. Rd1 Kc6 29. Nb4+ Kb7 30. Nd5 Kc6 31. Nb4+ Kb7
32. Nd5 Kc6 1/2-1/2

[Event "GCT 2026 - Superbet Chess Classic"]
[Site "Bucarest"]
[Date "18.05.2026"]
[Round "5"]
[White "Firouzja, Alireza"]
[Black "Sindarov, Javokhir"]
[Result "1/2-1/2"]
[WhiteElo "2759"]
[BlackElo "2776"]
[EventDate "2026.05.14"]

1. e4 e5 2. Nf3 Nc6 3. Bc4 Nf6 4. d3 Bc5 5. c3 d6 6. O-O h6 7. Re1 O-O 8.
Nbd2 Bb6 9. Bb3 a5 10. Nf1 Be6 11. Bc2 Nd7 12. Ng3 Re8 13. d4 exd4 14. Nxd4
Nde5 15. Nxe6 fxe6 16. Be3 Bxe3 17. Rxe3 Rf8 18. Qe2 Kh8 19. Rf1 Qg5 20. h3
a4 21. b3 axb3 22. Bxb3 Rae8 23. Qh5 Qxh5 24. Nxh5 g6 25. Ng3 Nd7 26. f4
Nc5 27. Ne2 Kg7 28. h4 Ra8 29. h5 g5 30. f5 exf5 31. exf5 Nxb3 32. axb3
Rae8 33. Rxe8 Rxe8 34. Ng3 Ne5 35. Ra1 Ng4 36. Ra4 Re1+ 37. Nf1 Nf6 38. Ra7
Rc1 39. Rxb7 Rxc3 40. Kf2 Nxh5 41. Ne3 Nf6 42. Ke2 h5 43. Kd2 Ne4+ 44. Ke2
Rc1 45. b4 Kf6 46. Kd3 Ke5 47. Nc4+ Kd5 48. Ne3+ Ke5 49. Nc4+ Kf4 50. Rxc7
Rd1+ 51. Kc2 Rg1 52. b5 Rxg2+ 53. Kc1 Rg3 54. Kb2 Rg2+ 55. Ka3 Rg3+ 56. Kb2
Rg2+ 57. Ka3 Rg3+ 58. Kb2 Rg2+ 1/2-1/2

[Event "GCT 2026 - Superbet Chess Classic"]
[Site "Bucarest"]
[Date "20.05.2026"]
[Round "6"]
[White "So, Wesley"]
[Black "Vachier-Lagrave, Maxime"]
[Result "1/2-1/2"]
[WhiteTitle "GM"]
[BlackTitle "GM"]
[WhiteElo "2754"]
[BlackElo "2717"]
[WhiteFideId "5202213"]
[BlackFideId "623539"]
[EventDate "2026.05.14"]

1. e4 c5 2. Nf3 d6 3. Bb5+ Nd7 4. d4 cxd4 5. Qxd4 a6 6. Be2 Ngf6 7. O-O e5 8.
Qe3 Nc5 9. Nc3 Be7 10. h3 O-O 11. a4 Bd7 12. a5 Bc6 13. Rd1 Ncxe4 14. Nxe5 d5
15. Nxe4 Nxe4 16. Qf3 Bc5 17. Be3 Bxe3 18. Qxe3 Re8 19. Qd4 Qe7 20. Nxc6 bxc6
21. Bd3 Nc5 22. Bf1 Ne6 23. Qc3 Qd6 24. b4 c5 25. b5 axb5 26. Bxb5 Nd4 27. Bf1
h6 28. a6 Ne2+ 29. Bxe2 Rxe2 30. Ra5 Rxa6 31. Rxc5 Qg6 32. Rdxd5 Kh7 33. Re5
Rxe5 34. Qxe5 Re6 35. Qf4 Re1+ 36. Kh2 Re2 37. c4 Qc2 38. Qf5+ Qxf5 39. Rxf5 Rc2
40. Rf4 g5 41. Rxf7+ Kg6 42. Rc7 Rxf2 43. c5 h5 44. Rc6+ Kg7 45. Rc7+ Kg6 46.
Kg3 Rf4 47. Rc6+ Kf7 48. Rc8 h4+ 49. Kh2 Rc4 50. Kg1 Rc2 51. c6 Kf6 52. Kf1 Kg7
53. c7 g4 54. hxg4 Rc1+ 55. Ke2 Rc2+ 56. Kd3 Rc6 57. Ke4 Rc1 58. Kf5 Rc5+ 59.
Kf4 Kh7 60. g5 Rc2 61. Ke3 Kg7 62. Ke4 Rc1 63. Kf4 Rc2 64. Kf5 Rf2+ 65. Ke6 Re2+
66. Kf5 Rf2+ 67. Ke4 Rc2 68. g6 Rc1 69. Kf4 Rc2 70. Kf3 Rc4 71. Ke3 Rc1 72. Ke4
Rc2 73. Kf4 Rf2+ 74. Ke3 Rc2 75. Kf4 Rf2+ 76. Ke3 Rc2 77. Kf4 Rf2+ 1/2-1/2